Big business and the state : Changing relations in Western Europe
Saved in:
| Main Author: | |
|---|---|
| Format: | Book |
| Language: | Undetermined |
| Published: |
London
Macmillan
1974
|
| Subjects: | |
| Tags: |
Add Tag
No Tags, Be the first to tag this record!
|
| Institutions: | Trung tâm Học liệu Trường Đại học Cần Thơ |
|---|
| LEADER | 00586nam a2200217Ia 4500 | ||
|---|---|---|---|
| 001 | CTU_83426 | ||
| 008 | 210402s9999 xx 000 0 und d | ||
| 082 | |a 338.94 | ||
| 082 | |b V539 | ||
| 100 | |a Vernon, Raymond | ||
| 245 | 0 | |a Big business and the state : | |
| 245 | 0 | |b Changing relations in Western Europe | |
| 245 | 0 | |c Raymond Vernon | |
| 260 | |a London | ||
| 260 | |b Macmillan | ||
| 260 | |c 1974 | ||
| 650 | |a Europe,Industrial policy | ||
| 650 | |x Economic policy | ||
| 650 | |z Europe | ||
| 904 | |i QHieu(sửa) | ||
| 980 | |a Trung tâm Học liệu Trường Đại học Cần Thơ | ||